| 000 | 00636nac a22001811u 4500 | ||
|---|---|---|---|
| 010 | _a 61011930 | ||
| 035 | _a(OCoLC)745178 | ||
| 082 |
_a658.977 _bENR |
||
| 090 |
_c5580 _d5580 |
||
| 100 | _aEnrick, Norbert Lloyd, | ||
| 245 | 1 | 0 |
_aIndustrial engineering manual for the textile industry. _cEdited for Southern Textile Methods & Standards Association. |
| 260 |
_aNew York, _bTextile Book Publishers, c.[1962] _c c.[1962] |
||
| 300 |
_a262 p. _billus. _c24 cm. |
||
| 500 | _aDistributer : Al-Ahram. | ||
| 511 | _aCatalogued by : Mahitab. | ||
| 650 | 0 | _aTextile industry. | |
| 942 |
_cBB _k658.977ENR |
||
| 999 |
_c5580 _d5580 |
||